[Event "Antioquia op"]
[Site "Antioquia"]
[Date "2020.03.07"]
[Round "7"]
[White "Cardona, Marisol"]
[Black "Gomez Gomez, Maria Camila"]
[Result "0-1"]
[WhiteElo "1209"]
[BlackElo "1083"]
[PlyCount "40"]
[EventDate "2020.03.03"]
[EventType "swiss"]
[EventRounds "9"]
[EventCountry "COL"]
[SourceTitle "CBM 195 Extra"]
[Source "ChessBase"]
[SourceDate "2020.05.31"]
[SourceVersion "1"]
[SourceVersionDate "2020.05.31"]
[SourceQuality "1"]

1. d4 d5 2. c4 dxc4 3. e3 Nf6 4. Bxc4 e6 5. Nc3 c5 6. Nf3 a6 7. Qa4+ Bd7 8. Qc2 b5 9. Be2 Bc6 10. a3 Nbd7 11. 0-0 Nb6 12. Ne5 Bb7 13. Rd1 Qc7 14. Bf3 Bxf3 15. Nxf3 Bd6 16. dxc5 Qxc5 17. b4 Qc7 18. Qb3 0-0 19. Bb2 Rac8 20. Rac1 Qc4 0-1

[Event "Antioquia op"]
[Site "Antioquia"]
[Date "2020.03.07"]
[Round "8"]
[White "Gomez Gomez, Maria Camila"]
[Black "Gonzalez Ramirez, Nicolas"]
[Result "0-1"]
[WhiteElo "1083"]
[BlackElo "1359"]
[PlyCount "90"]
[EventDate "2020.03.03"]
[EventType "swiss"]
[EventRounds "9"]
[EventCountry "COL"]
[SourceTitle "CBM 195 Extra"]
[Source "ChessBase"]
[SourceDate "2020.05.31"]
[SourceVersion "1"]
[SourceVersionDate "2020.05.31"]
[SourceQuality "1"]

1. e4 c5 2. Nf3 d6 3. d4 cxd4 4. Nxd4 Nf6 5. Nc3 a6 6. Be3 Nc6 7. f3 e6 8. Bc4 Be7 9. Qd2 0-0 10. 0-0-0 d5 11. Be2 dxe4 12. Nxe4 Nxe4 13. fxe4 e5 14. Nxc6 Qxd2+ 15. Rxd2 bxc6 16. g4 Be6 17. Kb1 Rfb8 18. Rf1 Ba3 19. b3 a5 20. Rf3 a4 21. h4 c5 22. Rd6 c4 23. Rc6 cxb3 24. cxb3 axb3 25. axb3 Rxb3+ 26. Kc2 Rb2+ 27. Kd1 Bxg4 28. Rf2 Rd8+ 29. Ke1 Rb1+ 30. Bc1 Bxc1 31. Bxg4 Be3+ 32. Ke2 Bxf2 33. Kxf2 Rb2+ 34. Ke3 Kf8 35. h5 Ra8 36. Be2 Ra3+ 37. Bd3 Rh2 38. Rc1 Rh3+ 39. Kf2 Raxd3 40. Kg2 Rxh5 41. Kf2 Ra3 42. Ke2 Rhh3 43. Rc2 Rh2+ 44. Ke1 Ra1+ 45. Rc1 Rxc1# 0-1

[Event "Pan American-ch School U13 Girls"]
[Site "Medellin"]
[Date "2019.11.16"]
[Round "8"]
[White "Cardona, Marisol"]
[Black "Gomez Gomez, Maria Camila"]
[Result "1-0"]
[WhiteElo "1146"]
[BlackElo "1129"]
[PlyCount "73"]
[EventDate "2019.11.12"]
[EventType "swiss"]
[EventRounds "9"]
[EventCountry "COL"]
[SourceTitle "CBM 193 Extra"]
[Source "ChessBase"]
[SourceDate "2020.01.31"]
[SourceVersion "1"]
[SourceVersionDate "2020.01.31"]
[SourceQuality "1"]

1. e4 c5 2. Nf3 Nc6 3. d4 cxd4 4. Nxd4 a6 5. Be3 Nf6 6. Nc3 g6 7. f3 Bg7 8. Bc4 0-0 9. Qd2 d5 10. exd5 Nxd5 11. Bb3 Re8 12. 0-0-0 Be6 13. Nxe6 fxe6 14. Bh6 Rc8 15. Rhe1 Ncb4 16. a3 Nc6 17. Bxg7 Kxg7 18. Nxd5 exd5 19. Bxd5 e6 20. Qf4 Qf6 21. Qxf6+ Kxf6 22. Bxc6 Rxc6 23. Rd7 Rec8 24. c3 R8c7 25. Rxc7 Rxc7 26. Rd1 Ke7 27. Kc2 Rc5 28. Rd4 Re5 29. Kd2 Rd5 30. Rxd5 exd5 31. Ke3 Ke6 32. Kd4 Kd6 33. c4 dxc4 34. Kxc4 Ke5 35. g3 g5 36. h3 h5 37. Kd3 1-0

[Event "Pan American-ch School U13 Girls"]
[Site "Medellin"]
[Date "2019.11.16"]
[Round "7"]
[White "Gomez Gomez, Maria Camila"]
[Black "Suarez Castillo, Sheila"]
[Result "0-1"]
[WhiteElo "1129"]
[BlackElo "1595"]
[PlyCount "57"]
[EventDate "2019.11.12"]
[EventType "swiss"]
[EventRounds "9"]
[EventCountry "COL"]
[SourceTitle "CBM 193 Extra"]
[Source "ChessBase"]
[SourceDate "2020.01.31"]
[SourceVersion "1"]
[SourceVersionDate "2020.01.31"]
[SourceQuality "1"]

1. e4 c6 2. d4 d5 3. Nc3 dxe4 4. Nxe4 Nd7 5. Nf3 Ngf6 6. Nc3 e6 7. Bg5 Be7 8. Bc4 0-0 9. 0-0 h6 10. Bh4 Nb6 11. Bb3 Nbd5 12. Ne5 Nxc3 13. bxc3 Nd5 14. Bxe7 Qxe7 15. Qd2 Rd8 16. Rab1 Qc7 17. c4 Nf6 18. Qf4 b6 19. c3 Bb7 20. c5 Nd5 21. Qd2 bxc5 22. Rfe1 cxd4 23. cxd4 Rab8 24. Qc2 Nf4 25. Qc3 c5 26. f3 Nd3 27. Nxd3 Bd5 28. Rb2 Bxb3 29. Rxb3 0-1

[Event "COL-chT Interligas"]
[Site "Palmira"]
[Date "2019.04.29"]
[Round "6.2"]
[White "Gomez Gomez, Maria Camila"]
[Black "Bonilla, Julio Cesar"]
[Result "0-1"]
[WhiteElo "1440"]
[BlackElo "1272"]
[PlyCount "42"]
[EventDate "2019.04.27"]
[EventType "team-swiss"]
[EventRounds "6"]
[EventCountry "COL"]
[SourceTitle "CBM 190 Extra"]
[Source "ChessBase"]
[SourceDate "2019.07.15"]
[SourceVersion "1"]
[SourceVersionDate "2019.07.15"]
[SourceQuality "1"]
[WhiteTeam "Valle Carlos Cuartas III"]
[BlackTeam "Valle Talentos Palmira III"]
[WhiteTeamCountry "COL"]
[BlackTeamCountry "COL"]

1. e4 e5 2. Nf3 Nc6 3. Bb5 Nge7 4. 0-0 a6 5. Ba4 h6 6. d3 b5 7. Bb3 d6 8. Be3 Bg4 9. Nc3 Na5 10. Bd5 c6 11. Bb3 Ng6 12. h3 Bxf3 13. Qxf3 Qf6 14. Qg4 Be7 15. a3 0-0 16. Ba2 Kh7 17. Qd7 Rfb8 18. b4 Nf8 19. Qc7 Bd8 20. Qxf7 Qxf7 21. Bxf7 Nb7 0-1

[Event "COL-ch U12 sf1"]
[Site "Duitama"]
[Date "2019.04.11"]
[Round "1.1"]
[White "Campos Gomez, Manuel"]
[Black "Gomez Gomez, Maria Camila"]
[Result "1-0"]
[WhiteElo "1895"]
[BlackElo "1440"]
[PlyCount "101"]
[EventDate "2019.04.11"]
[EventType "swiss"]
[EventRounds "6"]
[EventCountry "COL"]
[SourceTitle "EXT 2024"]
[Source "ChessBase"]
[SourceDate "2023.10.10"]
[SourceVersion "1"]
[SourceVersionDate "2023.10.10"]
[SourceQuality "1"]

1. e4 c5 2. Nf3 Nc6 3. d4 cxd4 4. Nxd4 d6 5. Nc3 g6 6. Be3 Bg7 7. Qd2 Nf6 8. f3 0-0 9. 0-0-0 Be6 10. Nxe6 fxe6 11. Bc4 Qd7 12. Ne2 Ne5 13. Bb3 Nc6 14. Nf4 Nd8 15. e5 Ne8 16. exd6 Nxd6 17. Nxe6 Nxe6 18. Qd5 Rf6 19. Bg5 Rff8 20. Qxe6+ Qxe6 21. Bxe6+ Kh8 22. Bxe7 Rfe8 23. Bxd6 Rxe6 24. Rhe1 Rf6 25. Be5 Rf7 26. Bxg7+ Rxg7 27. Rd3 Rf8 28. Red1 Re7 29. Rd8 Rxd8 30. Rxd8+ Kg7 31. Kd2 Kf6 32. Rd6+ Ke5 33. Rd3 Kf4 34. g3+ Kf5 35. c4 Rc7 36. Rd5+ Ke6 37. Kd3 a6 38. b4 h5 39. Kd4 Rc6 40. a4 Rb6 41. b5 a5 42. c5 Rxb5 43. axb5 a4 44. c6 bxc6 45. bxc6 a3 46. c7 a2 47. c8Q+ Kf7 48. Rd7+ Kf6 49. Qh8+ Ke6 50. Qe8+ Kf6 51. Qe5# 1-0

[Event "COL-ch U1700"]
[Site "Pereira"]
[Date "2019.03.22"]
[Round "3"]
[White "Gomez Gomez, Maria Camila"]
[Black "Soto Ramirez, Andres Camilo"]
[Result "1-0"]
[WhiteElo "1493"]
[BlackElo "1074"]
[PlyCount "37"]
[EventDate "2019.03.21"]
[EventType "swiss"]
[EventRounds "9"]
[EventCountry "COL"]
[SourceTitle "CBM 189 Extra"]
[Source "ChessBase"]
[SourceDate "2019.06.03"]
[SourceVersion "1"]
[SourceVersionDate "2019.06.03"]
[SourceQuality "1"]

1. e4 e5 2. Nf3 Nc6 3. Bb5 Bc5 4. 0-0 Nf6 5. d3 h6 6. Be3 Bb6 7. Nc3 Nd4 8. Nxe5 Nxb5 9. Nxb5 d6 10. Nc4 0-0 11. h3 Be6 12. Nd2 Qd7 13. Nd4 Qe7 14. Qf3 Bd7 15. Qg3 Nh5 16. Qf3 Nf6 17. Nf5 Bxf5 18. Qxf5 Ba5 19. Qxa5 1-0

[Event "COL-ch sf (Women)"]
[Site "Palmira"]
[Date "2017.05.16"]
[Round "3"]
[White "Giraldo Osorio, Jimena"]
[Black "Gomez Gomez, Maria Camila"]
[Result "1-0"]
[WhiteElo "1366"]
[BlackElo "1132"]
[PlyCount "33"]
[EventDate "2017.05.15"]
[EventType "swiss"]
[EventRounds "7"]
[EventCountry "COL"]
[SourceTitle "CBM 178 Extra"]
[Source "ChessBase"]
[SourceDate "2017.06.22"]
[SourceVersion "1"]
[SourceVersionDate "2017.06.22"]
[SourceQuality "1"]

1. e4 e5 2. Nf3 Nc6 3. Nc3 Nf6 4. Bc4 Bc5 5. 0-0 d6 6. d3 Be6 7. Nd5 0-0 8. Ng5 h6 9. Nxf6+ Qxf6 10. Nxe6 fxe6 11. Qg4 Rae8 12. Kh1 Bxf2 13. Be3 Qe7 14. Bxh6 Nd4 15. c3 Nc2 16. Bxe6+ Qxe6 17. Qxg7# 1-0

[Event "Cali Region-ch (Women)"]
[Site "Cali"]
[Date "2017.05.01"]
[Round "6"]
[White "Posada Realpe, Isabel Sofia"]
[Black "Gomez Gomez, Maria Camila"]
[Result "1-0"]
[WhiteElo "1485"]
[BlackElo "1284"]
[PlyCount "61"]
[EventDate "2017.04.28"]
[EventType "swiss"]
[EventRounds "7"]
[EventCountry "COL"]
[SourceTitle "CBM 178 Extra"]
[Source "ChessBase"]
[SourceDate "2017.06.22"]
[SourceVersion "1"]
[SourceVersionDate "2017.06.22"]
[SourceQuality "1"]

1. e4 e5 2. Nf3 Nc6 3. Bc4 Bc5 4. Nc3 Nf6 5. d3 d6 6. Be3 Bb6 7. Qd2 Be6 8. Bb3 0-0 9. 0-0-0 Qd7 10. Rdg1 Nb4 11. g4 c5 12. h4 Ba5 13. Qe2 Qc6 14. h5 Qa6 15. g5 Nd7 16. g6 h6 17. gxf7+ Rxf7 18. Bxe6 Bb6 19. Bxf7+ Kxf7 20. a3 Nc6 21. Qf1 Nd4 22. Qg2 Ke6 23. Qg6+ Nf6 24. Bxd4 cxd4 25. Qf5+ Ke7 26. Rxg7+ Ke8 27. Qe6+ Kd8 28. Qxf6+ Kc8 29. Qe7 Bd8 30. Qd7+ Kb8 31. Qxd8# 1-0

[Event "Valle Region-ch U20 Girls"]
[Site "Cali"]
[Date "2017.02.19"]
[Round "6.5"]
[White "Giraldo Osorio, Jimena"]
[Black "Gomez Gomez, Maria Camila"]
[Result "1-0"]
[WhiteElo "1221"]
[BlackElo "1296"]
[PlyCount "49"]
[EventDate "2017.02.17"]
[EventType "swiss"]
[EventRounds "7"]
[EventCountry "COL"]
[SourceTitle "EXT 2024"]
[Source "ChessBase"]
[SourceDate "2023.10.10"]
[SourceVersion "1"]
[SourceVersionDate "2023.10.10"]
[SourceQuality "1"]

1. e4 e5 2. Nf3 Nc6 3. Bc4 Bc5 4. 0-0 Nf6 5. Nc3 0-0 6. d3 d6 7. Bg5 a6 8. Nd5 Na5 9. Nxf6+ gxf6 10. Bh6 Re8 11. Nh4 Nxc4 12. dxc4 Qe7 13. Qf3 Kh8 14. Qg3 Rg8 15. Qc3 Bg4 16. Qd3 Qe6 17. Nf5 Bh5 18. Kh1 Rg6 19. Bd2 Rag8 20. g3 c6 21. f4 Bg4 22. Nh4 R6g7 23. f5 Qd7 24. Bh6 Qd8 25. Qd2 1-0

[Event "Valle Region-ch U20 Girls"]
[Site "Cali"]
[Date "2017.02.18"]
[Round "4.4"]
[White "Fitzgerald, Daniela"]
[Black "Gomez Gomez, Maria Camila"]
[Result "1-0"]
[WhiteElo "1388"]
[BlackElo "1296"]
[PlyCount "35"]
[EventDate "2017.02.17"]
[EventType "swiss"]
[EventRounds "7"]
[EventCountry "COL"]
[SourceTitle "EXT 2024"]
[Source "ChessBase"]
[SourceDate "2023.10.10"]
[SourceVersion "1"]
[SourceVersionDate "2023.10.10"]
[SourceQuality "1"]

1. e4 e5 2. Nf3 Nc6 3. Bb5 a6 4. Ba4 Nf6 5. 0-0 Bc5 6. c3 d6 7. d4 exd4 8. cxd4 Bb6 9. d5 Bd7 10. dxc6 bxc6 11. Bg5 h6 12. Bh4 Qe7 13. Re1 0-0-0 14. Qc2 Qe6 15. e5 dxe5 16. Rxe5 Qd6 17. Re1 g5 18. Bg3 1-0

[Event "Valle Region-ch U20 Girls"]
[Site "Cali"]
[Date "2017.02.17"]
[Round "1.6"]
[White "Norena, Derly Jiseth"]
[Black "Gomez Gomez, Maria Camila"]
[Result "1-0"]
[WhiteElo "1536"]
[BlackElo "1296"]
[PlyCount "31"]
[EventDate "2017.02.17"]
[EventType "swiss"]
[EventRounds "7"]
[EventCountry "COL"]
[SourceTitle "EXT 2024"]
[Source "ChessBase"]
[SourceDate "2023.10.10"]
[SourceVersion "1"]
[SourceVersionDate "2023.10.10"]
[SourceQuality "1"]

1. e4 e5 2. Nf3 Nc6 3. Bc4 Bc5 4. c3 Nf6 5. d4 exd4 6. cxd4 Bb4+ 7. Bd2 Bxd2+ 8. Nbxd2 d5 9. exd5 Nxd5 10. 0-0 0-0 11. Re1 Qd6 12. Ne4 Qe6 13. Qb3 Rd8 14. Nc3 Qf5 15. Bxd5 Rd6 16. Re8# 1-0